00335nam a2200109Ia 4500008004100000082000800041100001500049245004500064942000600109952009500115999001500210240331s9999 xx 000 0 und d bSTU aSturman, M 2aA doll's house and Hedda Gabler :bnotes cL 001040708LaWERCLbWERCLcSSCd2024-03-31l0o 820 STUp4044r2024-03-31w2024-03-31yL c3181d3181